[Event "Cearense-ch 67th"]
[Site "Fortaleza"]
[Date "1998.??.??"]
[Round "6"]
[White "Alberto Wolff, Carlos"]
[Black "Francimar de Oliveira, Vicente"]
[Result "1-0"]
[WhiteElo "1669"]
[BlackElo "1712"]
[PlyCount "73"]
[EventDate "1998.??.??"]
[EventType "swiss"]
[EventRounds "7"]
[EventCountry "BRA"]
[SourceTitle "EXT 2003"]
[Source "ChessBase"]
[SourceDate "2002.11.25"]
[SourceVersion "1"]
[SourceVersionDate "2002.11.25"]
[SourceQuality "1"]

1. f4 d5 2. Nf3 Nf6 3. g3 c6 4. Bg2 Qc7 5. 0-0 Bg4 6. d3 Nbd7 7. d4 Bxf3 8. Bxf3 h5 9. h3 g5 10. fxg5 Qxg3+ 11. Bg2 Ne4 12. Bf4 Qh4 13. Bxe4 dxe4 14. Kh2 0-0-0 15. d5 Nb6 16. Qd4 f6 17. Qxe4 Rxd5 18. Qe6+ Kd8 19. Nd2 fxg5 20. e4 gxf4 21. exd5 Nxd5 22. Ne4 Nf6 23. Rad1+ Kc7 24. Qe5+ Kb6 25. Qc5+ Kc7 26. Qa5+ b6 27. Qxa7+ Kc8 28. Qa8+ Kc7 29. Qd8+ Kb7 30. Rd7+ Nxd7 31. Qxd7+ Ka6 32. Rf3 e5 33. Qxc6 Qd8 34. Rd3 Qh4 35. Qa8+ Kb5 36. a4+ Kc4 37. Qd5+ 1-0